| 000 | 01775nam a22001577a 4500 | ||
|---|---|---|---|
| 041 | _aukr | ||
| 080 | _a09 | ||
| 090 | _bСТЕ | ||
| 100 | _aСтепанюк К. В. | ||
| 245 | _aОсвітня стратегія та реформування освіти США у ХХ-ХХІ століттях. | ||
| 260 |
_aОстрог _bКАФ _c2003 |
||
| 300 | _a54 | ||
| 520 |
_aРозділ 1. Політика освіти США у ХХ столітті.
1.1. Вплив уряду США на освітній процес.
1.2. Криза освіти. Доповідь комісії Гарднера "Нація на мемежі ризику".
1.3. Технічна модернізація освітнього процесу.
Розділ 2. Тенденції вдосконалення освіти у ХХ ХХІ століттях.
2.1. Пошуки нової моделі шкільної освіти.
2.2. Реформа освіти "Америка 2000".
2.3. Проблеми та шляхи реформування професійно педагогічної освіти США.
2.4. Демократизація як важлива умова забезпечення різних можливостей у здобутті освіти у США.
Розділ 3. Зміни в американському суспільстві та вдосконалення системи виховання.
3.1. Соціально культурні особливості американської школи.
3.2. Проблеми дисципліни у американській школі.
3.3. Моральне та громадянське виховання. _0освіта, педагогіка, США |
||
| 650 | _aResearch Papers | ||
| 999 |
_c281861 _d281861 |
||
| 942 | _cBK | ||